000 00401nam a2200157Ia 4500
008 230312s9999||||xx |||||||||||||| ||und||
020 _a0-672-22660-x
082 _a005.133
_bLAF-T
100 _aLafore,Robert
245 4 _aThe Waite Group's Turbo C
260 _bWaite Group
_aUSA
_c1990
300 _a794
546 _aEng.
650 _aComputer
_vC Building Blocks , Loops, Decisions
942 _cBK
999 _c3189
_d3189